5HLuxD.jpg

KING HENRY VIII SENIOR AND PRIMARY SCHOOL LIBRARY OPAC

It's rainy! / (Record no. 2554)

000 -LEADER
fixed length control field 00676nam a2200241 a 4500
001 - CONTROL NUMBER
control field 016077548
003 - CONTROL NUMBER IDENTIFIER
control field UkOxU
005 - DATE AND TIME OF LATEST TRANSACTION
control field 20230713145651.0
008 - FIXED-LENGTH DATA ELEMENTS--GENERAL INFORMATION
fixed length control field 020718s2002 enka j 000 1 eng d
015 ## - NATIONAL BIBLIOGRAPHY NUMBER
National bibliography number GB A2-V9148
020 ## - INTERNATIONAL STANDARD BOOK NUMBER
International Standard Book Number 9780749646837
035 ## - SYSTEM CONTROL NUMBER
System control number BNB2702.2247
040 ## - CATALOGING SOURCE
Transcribing agency BDS
Modifying agency KH8
082 0# - DEWEY DECIMAL CLASSIFICATION NUMBER
Classification number 823.914 MAN
Edition number 21
100 1# - MAIN ENTRY--PERSONAL NAME
Personal name Manning, Mick.
Relator term Author
245 10 - TITLE STATEMENT
Title It's rainy! /
Statement of responsibility, etc. Mick Manning & Brita Granström.
260 ## - PUBLICATION, DISTRIBUTION, ETC.
Place of publication, distribution, etc. London :
Name of publisher, distributor, etc. Watts,
Date of publication, distribution, etc. 2002.
300 ## - PHYSICAL DESCRIPTION
Extent [18] p. :
Other physical details chiefly col. ill. ;
Dimensions 21 cm.
650 #0 - SUBJECT ADDED ENTRY--TOPICAL TERM
Topical term or geographic name entry element Weather
Form subdivision Pictorial works
-- Juvenile fiction.
700 1# - ADDED ENTRY--PERSONAL NAME
Personal name Granström, Brita.
Relator term Author
830 #0 - SERIES ADDED ENTRY--UNIFORM TITLE
Uniform title Me and my world
942 ## - ADDED ENTRY ELEMENTS (KOHA)
Source of classification or shelving scheme
Koha item type Books
Holdings
Withdrawn status Lost status Source of classification or shelving scheme Damaged status Not for loan Collection code Permanent Location Current Location Shelving location Date acquired Total Checkouts Full call number Barcode Date last seen Date last checked out Price effective from Koha item type
          Fiction KH8 Primary School Library KH8 Primary School Library Non Fiction 2023-07-13 13 823.914 MAN KHPL000004282 2026-04-17 2026-01-20 2023-07-13 Books

Powered By KH8 IT Dept